000 00585nam a2200229Ia 4500
003 OSt
005 20220923225922.0
006 a|||||r|||| 00| 0
007 ta
008 Pun
024 _a275,855
037 _cTextual
040 _aARTS
_cARTS
_bPun
041 _2Pun
_aPun
082 _aO153,2M92x, J5;K8
100 _aਨੰਦਾ, ਆਈ ਸੀ
_9159218
245 0 _aਝਲਕਾਰੇ
260 _c1955
650 _aਪੰਜਾਬੀ ਸਾਹਿਤ
942 _hO153,2M92x, J5;K8
_cTEXL
_2CC
999 _c381289
_d381289